Ciudades Colombianas con 100 mil habitantes - Con un mapa - Estadísticas

Estadísticas generales
  • Esta prueba ha sido intentada 303 veces
  • La puntuación promedio es 38 de 58
Respuestas en el mapa
Las respuestas están codificadas por una escala verde-roja en el mapa de la prueba según el % correcto abajo.
 
Estadísticas de respuestas
Población Ciudad % Correcto
7,715,800 Bogotá
99%
2,205,700 Cali
98%
2,490,200 Medellín
98%
1,273,600 Barranquilla
96%
914,600 Cartagena
95%
597,300 Bucaramanga
90%
305,400 Pasto
90%
748,900 Cúcuta
89%
484,000 Santa Marta
88%
399,300 Pereira
85%
502,000 Ibagué
84%
749,000 Soacha
83%
420,900 Manizales
82%
112,400 Quibdó
82%
502,000 Villavicencio
82%
171,500 Tunja
81%
297,100 Armenia
80%
468,200 Valledupar
80%
536,400 Bello
79%
147,200 Riohacha
79%
395,200 Montería
78%
340,500 Neiva
78%
267,400 Popayán
77%
664,100 Soledad
76%
238,600 Buenaventura
74%
234,100 Envigado
74%
259,400 Sincelejo
73%
152,500 Florencia
68%
265,500 Itagüí
68%
152,400 Yopal
66%
124,300 Chía
65%
295,700 Floridablanca
62%
183,700 Barrancabermeja
61%
279,500 Palmira
61%
105,900 Girardot
59%
122,000 Zipaquirá
58%
178,000 Tuluá
57%
109,800 Buga
56%
116,000 Sogamoso
55%
118,900 Maicao
53%
120,800 Madrid
52%
148,700 Mosquera
50%
112,300 Duitama
49%
132,600 Fusagasugá
49%
107,300 Apartadó
47%
132,700 Cartago
46%
103,300 Funza
46%
152,600 Girón
45%
110,300 Ciénaga
43%
213,500 Dosquebradas
42%
145,100 Facatativá
41%
130,100 Jamundí
40%
116,200 Ocaña
40%
150,500 Piedecuesta
40%
103,200 Aguachica
37%
130,100 Malambo
34%
103,800 Turbaco
31%
108,000 Villa del Rosario
26%
No se encontraron pruebas coincidentes
Distribución de puntuación
Porcentaje de gente con cada puntuación
Porcentaje por número respondido
Historial de tus puntuaciones
No has intentado esta prueba.